Les parcs d'attractions en France les plus visités en 2015 - Statistiques

Statistiques générales
  • Ce quiz a été pris 114 fois
  • Le résultat moyen est 5 sur 10
Statistiques - réponses
Visiteurs LOcalisation Nom du parc % Correct
14,8 millions Seine et Marne Disneyland
97%
1,8 million Vienne Futuroscope
76%
1,85 million Picardie Astérix
66%
2,05 millions Vendée Le Puy du Fou
45%
344 000 Auvergne Vulcania
45%
401 500 Isère Walibi
40%
1,3 million Alpes Maritimes Marineland
37%
550 000 Aube Nigloland
29%
577 000 Allier Le Pal
23%
447 000 Finistère Oceanopolis
3%
Aucun quiz correspondant
Distribution des résultats
% des personnes avec chaque résultat
Percentile par nombre de réponses
Votre historique - résultats
Vous n’avez pas pris ce quiz